Delmar nurse's drug handbook / (Record no. 24807)
[ view plain ]
| 000 -LEADER | |
|---|---|
| fixed length control field | 00612nam a2200217 a 4500 |
| 005 - DATE AND TIME OF LATEST TRANSACTION | |
| control field | 20140310183541.0 |
| 008 - FIXED-LENGTH DATA ELEMENTS--GENERAL INFORMATION | |
| fixed length control field | 110820s19uu xx 00 eng d |
| 020 ## - INTERNATIONAL STANDARD BOOK NUMBER | |
| International Standard Book Number | 978-981-4336-62-8 |
| 050 ## - LIBRARY OF CONGRESS CALL NUMBER | |
| Classification number | RM 301.12 |
| Item number | .Sp767 2011 |
| 100 ## - MAIN ENTRY--PERSONAL NAME | |
| Personal name | Spratto, George |
| 245 ## - TITLE STATEMENT | |
| Title | Delmar nurse's drug handbook / |
| Statement of responsibility, etc | George Spratto; Adrienne Woods. |
| 260 ## - PUBLICATION, DISTRIBUTION, ETC. (IMPRINT) | |
| Place of publication, distribution, etc | Australia : |
| Name of publisher, distributor, etc | Cengage Learning, |
| Date of publication, distribution, etc | 2011. |
| 300 ## - PHYSICAL DESCRIPTION | |
| Extent | 1222 p. : |
| Dimensions | 18 cm. |
| 521 ## - TARGET AUDIENCE NOTE | |
| Target audience note | |
| 650 ## - SUBJECT ADDED ENTRY--TOPICAL TERM | |
| Topical term or geographic name as entry element | Drugs |
| General subdivision | Handbooks |
| 650 ## - SUBJECT ADDED ENTRY--TOPICAL TERM | |
| Topical term or geographic name as entry element | Drugs |
| General subdivision | Nurses instruction |
| 700 ## - ADDED ENTRY--PERSONAL NAME | |
| Personal name | Woods, Adrienne |
| 942 ## - ADDED ENTRY ELEMENTS (KOHA) | |
| Koha item type | Books |
| Source of classification or shelving scheme | Library of Congress Classification |
| Call number prefix | Foreign |
| Withdrawn status | Lost status | Source of classification or shelving scheme | Damaged status | Home library | Current library | Shelving location | Date acquired | Source of acquisition | Total Checkouts | Total Renewals | Full call number | Barcode | Date last seen | Date checked out | Copy number | Price effective from | Koha item type |
|---|---|---|---|---|---|---|---|---|---|---|---|---|---|---|---|---|---|
| Library of Congress Classification | College Library | College Library | General Circulation Section | 08/20/2011 | 2 | 5 | RM 301.12 .Sp767 2011 vol.1 | C13316 | 09/23/2019 | 08/22/2019 | 1 | 10/18/2013 | Books | ||||
| Library of Congress Classification | College Library | College Library | General Circulation Section | 01/22/2014 | 2 | 6 | RM 301.12 .Sp767 2011 vol.2 | C13692 | 09/23/2019 | 08/15/2019 | 1 | 01/22/2014 | Books |